All Wigan Athletic Premier League Players Ever - Statistics

General Stats
  • This quiz has been taken 21 times
  • The average score is 104 of 214
Answer Stats
% Correct
2010/11 Oman Ali Al-Habsi 34
91%
2011/12 Oman Ali Al-Habsi 38
91%
2012/13 Oman Ali Al-Habsi 29
91%
2007/08 Honduras Wilson Palacios 16
91%
2008/09 Honduras Wilson Palacios 21
91%
2012/13 Cote D'Ivoire Arouna Kone 34
82%
2006/07 Barbados Emmerson Boyce 34
82%
2007/08 Barbados Emmerson Boyce 25
82%
2008/09 Barbados Emmerson Boyce 27
82%
2009/10 Barbados Emmerson Boyce 24
82%
2010/11 Barbados Emmerson Boyce 22
82%
2011/12 Barbados Emmerson Boyce 26
82%
2012/13 Barbados Emmerson Boyce 36
82%
2008/09 Colombia Hugo Rodallega 15
82%
2009/10 Colombia Hugo Rodallega 38
82%
2010/11 Colombia Hugo Rodallega 36
82%
2011/12 Colombia Hugo Rodallega 23
82%
2009/10 Ireland James McCarthy 20
82%
2010/11 Ireland James McCarthy 24
82%
2011/12 Ireland James McCarthy 33
82%
2012/13 Ireland James McCarthy 38
82%
2009/10 Spain Jordi Gomez 23
82%
2010/11 Spain Jordi Gomez 13
82%
2011/12 Spain Jordi Gomez 28
82%
2012/13 Spain Jordi Gomez 32
82%
2007/08 Honduras Maynor Figueroa 2
82%
2008/09 Honduras Maynor Figueroa 38
82%
2009/10 Honduras Maynor Figueroa 35
82%
2010/11 Honduras Maynor Figueroa 33
82%
2011/12 Honduras Maynor Figueroa 38
82%
2012/13 Honduras Maynor Figueroa 33
82%
2005/06 Austria Paul Scharner 16
82%
2006/07 Austria Paul Scharner 25
82%
2007/08 Austria Paul Scharner 37
82%
2008/09 Austria Paul Scharner 29
82%
2009/10 Austria Paul Scharner 38
82%
2012/13 Austria Paul Scharner 14
82%
2010/11 Paraguay Antolin Alcaraz 34
73%
2011/12 Paraguay Antolin Alcaraz 25
73%
2012/13 Paraguay Antolin Alcaraz 10
73%
2006/07 England Chris Kirkland 26
73%
2007/08 England Chris Kirkland 37
73%
2008/09 England Chris Kirkland 32
73%
2009/10 England Chris Kirkland 32
73%
2010/11 England Chris Kirkland 4
73%
2010/11 Argentina Franco Di Santo 25
73%
2011/12 Argentina Franco Di Santo 32
73%
2012/13 Argentina Franco Di Santo 35
73%
2010/11 Scotland James McArthur 18
73%
2011/12 Scotland James McArthur 31
73%
2012/13 Scotland James McArthur 34
73%
2005/06 Grenada Jason Roberts 34
73%
2009/10 Senegal Mohamed Diame 34
73%
2010/11 Senegal Mohamed Diame 36
73%
2011/12 Senegal Mohamed Diame 26
73%
2008/09 Egypt Amr Zaki 29
64%
2006/07 Ecuador Antonio Valencia 22
64%
2007/08 Ecuador Antonio Valencia 31
64%
2008/09 Ecuador Antonio Valencia 31
64%
2006/07 England Emile Heskey 34
64%
2007/08 England Emile Heskey 28
64%
2008/09 England Emile Heskey 20
64%
2009/10 Scotland Gary Caldwell 16
64%
2010/11 Scotland Gary Caldwell 23
64%
2011/12 Scotland Gary Caldwell 36
64%
2012/13 Scotland Gary Caldwell 25
64%
2011/12 Chile Jean Beausejour 16
64%
2012/13 Chile Jean Beausejour 34
64%
2010/11 Scotland Steven Caldwell 10
64%
2009/10 Nigeria Victor Moses 14
64%
2010/11 Nigeria Victor Moses 21
64%
2011/12 Nigeria Victor Moses 38
64%
2012/13 Nigeria Victor Moses 1
64%
2005/06 Netherlands Arjan De Zeeuw 31
55%
2006/07 Netherlands Arjan De Zeeuw 21
55%
2008/09 England Ben Watson 10
55%
2009/10 England Ben Watson 5
55%
2010/11 England Ben Watson 29
55%
2011/12 England Ben Watson 21
55%
2012/13 England Ben Watson 12
55%
2008/09 England Callum McManaman 1
55%
2010/11 England Callum McManaman 3
55%
2011/12 England Callum McManaman 2
55%
2012/13 England Callum McManaman 20
55%
2008/09 France Charles N'Zogbia 13
55%
2009/10 France Charles N'Zogbia 36
55%
2010/11 France Charles N'Zogbia 34
55%
2005/06 Senegal Henri Camara 29
55%
2006/07 Senegal Henri Camara 23
55%
2008/09 Senegal Henri Camara 17
55%
2012/13 Spain Joel Robles 9
55%
2005/06 Australia John Filan 15
55%
2006/07 Australia John Filan 10
55%
2005/06 Scotland Lee McCulloch 30
55%
2006/07 Scotland Lee McCulloch 29
55%
2009/10 Bolivia Marcelo Moreno 12
55%
2007/08 England Marcus Bent 31
55%
2005/06 England Mike Pollitt 24
55%
2006/07 England Mike Pollitt 3
55%
2007/08 England Mike Pollitt 1
55%
2008/09 England Mike Pollitt 3
55%
2009/10 England Mike Pollitt 4
55%
2010/11 England Mike Pollitt 1
55%
2005/06 France Pascal Chimbonda 37
55%
2006/07 France Pascal Chimbonda 1
55%
2011/12 Scotland Shaun Maloney 13
55%
2012/13 Scotland Shaun Maloney 36
55%
2008/09 Netherlands Daniel de Ridder 18
45%
2011/12 England David Jones 16
45%
2012/13 England David Jones 13
45%
2006/07 Netherlands Denny Landzaat 33
45%
2007/08 Netherlands Denny Landzaat 19
45%
2005/06 Scotland Gary Teale 24
45%
2006/07 Scotland Gary Teale 12
45%
2007/08 Wales Jason Koumas 30
45%
2008/09 Wales Jason Koumas 16
45%
2009/10 Wales Jason Koumas 8
45%
2005/06 England Jimmy Bullard 36
45%
2005/06 England Leighton Baines 37
45%
2006/07 England Leighton Baines 35
45%
2008/09 Egypt Mido 12
45%
2010/11 Netherlands Ronnie Stam 25
45%
2011/12 Netherlands Ronnie Stam 20
45%
2012/13 Netherlands Ronnie Stam 17
45%
2005/06 Switzerland Stephane Henchoz 26
45%
2007/08 England Titus Bramble 26
45%
2008/09 England Titus Bramble 35
45%
2009/10 England Titus Bramble 35
45%
2011/12 Spain Albert Crusat 15
36%
2007/08 Sweden Andreas Granqvist 14
36%
2012/13 Chile Angelo Henriquez 4
36%
2010/11 Ireland Conor Sammon 7
36%
2011/12 Ireland Conor Sammon 25
36%
2009/10 Honduras Hendry Thomas 31
36%
2010/11 Honduras Hendry Thomas 24
36%
2012/13 Spain Ivan Ramis 16
36%
2006/07 Nigeria Julius Aghahowa 6
36%
2007/08 Nigeria Julius Aghahowa 14
36%
2006/07 Ireland Kevin Kilbane 31
36%
2007/08 Ireland Kevin Kilbane 35
36%
2008/09 Ireland Kevin Kilbane 10
36%
2007/08 Jamaica Marlon King 15
36%
2009/10 Jamaica Marlon King 3
36%
2008/09 France Olivier Kapo 19
36%
2009/10 France Olivier Kapo 1
36%
2012/13 Honduras Roger Espinoza 12
36%
2005/06 England Ryan Taylor 11
36%
2006/07 England Ryan Taylor 16
36%
2007/08 England Ryan Taylor 17
36%
2008/09 England Ryan Taylor 12
36%
2005/06 Ireland Alan Mahon 6
27%
2005/06 Jamaica Damien Francis 20
27%
2006/07 England David Unsworth 10
27%
2005/06 England David Wright 2
27%
2006/07 England David Wright 12
27%
2006/07 England Fitz Hall 24
27%
2007/08 England Fitz Hall 1
27%
2005/06 Ireland Graham Kavanagh 35
27%
2006/07 Ireland Graham Kavanagh 2
27%
2009/10 Trinidad & Tobago Jason Scotland 32
27%
2005/06 Australia Josip Skoko 5
27%
2006/07 Australia Josip Skoko 28
27%
2007/08 Australia Josip Skoko 12
27%
2008/09 England Lee Cattermole 33
27%
2007/08 Netherlands Mario Melchiot 31
27%
2008/09 Netherlands Mario Melchiot 34
27%
2009/10 Netherlands Mario Melchiot 32
27%
2005/06 England Matt Jackson 16
27%
2006/07 England Matt Jackson 20
27%
2010/11 Argentina Mauro Boselli 8
27%
2012/13 Argentina Mauro Boselli 7
27%
2007/08 England Michael Brown 31
27%
2008/09 England Michael Brown 25
27%
2009/10 England Michael Brown 2
27%
2012/13 Spain Roman Golobart 3
27%
2012/13 Japan Ryo Miyaichi 4
27%
2006/07 Bulgaria Svetoslav Todorov 5
27%
2005/06 Sweden Andreas Johansson 16
18%
2006/07 Sweden Andreas Johansson 12
18%
2006/07 Wales David Cotterill 16
18%
2007/08 Wales David Cotterill 2
18%
2005/06 England David Thompson 10
18%
2012/13 Spain Eduard Campabadal 1
18%
2007/08 Sweden Erik Edman 5
18%
2008/09 Sweden Erik Edman 2
18%
2009/10 Sweden Erik Edman 3
18%
2012/13 Scotland Fraser Fyvie 1
18%
2008/09 England Jonathon Routledge 1
18%
2005/06 England Neil Mellor 3
18%
2005/06 Switzerland Reto Ziegler 10
18%
2008/09 Ghana Richard Kingson 4
18%
2009/10 England Scott Sinclair 18
18%
2009/10 Cote D'Ivoire Steve Gohouri 5
18%
2010/11 Cote D'Ivoire Steve Gohouri 27
18%
2011/12 Cote D'Ivoire Steve Gohouri 10
18%
2010/11 England Tom Cleverley 25
18%
2006/07 Scotland Andy Webster 4
9%
2007/08 France Antoine Sibierski 30
9%
2008/09 France Antoine Sibierski 3
9%
2006/07 Ireland Caleb Folan 13
9%
2007/08 Ireland Caleb Folan 2
9%
2008/09 South Korea Cho Won-Hee 1
9%
2009/10 South Korea Cho Won-Hee 4
9%
2005/06 Ireland David Connolly 17
9%
2006/07 Ireland David Connolly 2
9%
2007/08 Norway Erik Hagen 1
9%
2006/07 Norway Kristofer Haestad 2
9%
2011/12 Netherlands Patrick van Aanholt 3
9%
2010/11 Spain Piscu 1
9%
2011/12 Spain Piscu 5
9%
2012/13 Spain Piscu 5
9%
2007/08 Cameroon Salomon Olembe 8
9%
2005/06 Scotland Steve McMillan 2
9%
2009/10 Serbia Vladimir Stojkovic 4
9%
No matching quizzes found
Score Distribution
Percent of People with Each Score
Percentile by Number Answered
Your Score History
You have not taken this quiz